Songs from Best KPOP GIRLGROUP (3rd gen) - Statistics

General Stats
  • This quiz has been taken 63 times
  • The average score is 41 of 93
Answer Stats
Hint Answer % Correct
BLACKPINK BOOMBAYAH
86%
BLACKPINK Shut Down
86%
BLACKPINK How You Like That
82%
BLACKPINK Pink Venom
82%
BLACKPINK DDU-DU DDU-DU
80%
BLACKPINK Ice Cream
80%
BLACKPINK JUMP
80%
BLACKPINK Kill This Love
80%
Red Velvet Psycho
80%
BLACKPINK Whistle
80%
TWICE The Feels
78%
BLACKPINK Playing With Fire
76%
TWICE TT
76%
BLACKPINK Lovesick Girls
75%
BLACKPINK As If It's Your Last
73%
TWICE Cheer Up
71%
TWICE Feel Special
71%
BLACKPINK Stay
71%
Red Velvet Bad Boy
69%
TWICE Likey
69%
Red Velvet Russian Roulette
67%
Red Velvet Happiness
65%
TWICE What Is Love ?
65%
TWICE FANCY
63%
TWICE Knock Knock
63%
TWICE Like OOH-AHH
63%
TWICE Strategy
61%
Red Velvet Cosmic
59%
TWICE Dance The Night Away
59%
Red Velvet Ice Cream Cake
59%
TWICE Scientist
59%
TWICE Signal
59%
TWICE THIS IS FOR
59%
TWICE YES or YES
59%
MAMAMOO HIP
57%
TWICE More & More
57%
Red Velvet Zimzalabim
57%
TWICE Heart Shaker
55%
Red Velvet Feel My Rhythm
53%
TWICE Talk That Talk
53%
TWICE I Can't Stop Me
51%
TWICE Moonlight Sunrise
51%
Red Velvet Queendom
51%
Red Velvet Dumb Dumb
49%
Red Velvet Peek-A-Boo
49%
Red Velvet Red Flavor
49%
TWICE Set Me Free
49%
Red Velvet Birthday
47%
Red Velvet Chill Kill
45%
GFRIEND MAGO
43%
Red Velvet Power Up
43%
TWICE One Spark
41%
TWICE Cry For Me
39%
Red Velvet RBB
39%
TWICE I Got You
37%
GFRIEND Rough
35%
Red Velvet Rookie
33%
MAMAMOO AYA
31%
MAMAMOO Starry NIght
31%
MAMAMOO gogobebe
29%
Red Velvet Umpah Umpah
29%
Red Velvet Be Natural
25%
MAMAMOO Egotistic
25%
MAMAMOO ILLELLA
25%
GFRIEND Glass Bead
24%
TWICE The Best Thing I Ever Did
24%
GFRIEND Apple
22%
GFRIEND FINGERTIP
22%
Red Velvet One of these nights
22%
GFRIEND Season of Memories
20%
GFRIEND Time For The Moon Night
20%
MAMAMOO Wind flower
20%
MAMAMOO Dingga
18%
MAMAMOO Mr Ambiguous
18%
GFRIEND Navillera
18%
GFRIEND Sunrise
18%
MAMAMOO Piano Man
16%
MAMAMOO Decalcomanie
14%
GFRIEND Sunny Summer
14%
GFRIEND FEVER
12%
GFRIEND Me Gusta Tu
12%
GFRIEND Summer Rain
12%
MAMAMOO You're the Best
12%
MAMAMOO Um Oh Ah Yeh
10%
MAMAMOO Yes I am
10%
TWICE Alchohol-Free
8%
GFRIEND Crossroads
8%
MAMAMOO mumumumuch
8%
MAMAMOO Where Are We Now
8%
GFRIEND Loev Whisper
2%
MAMAMOO Paint Me
2%
Red Velvet Sweet Dreams
2%
MAMAMOO I Miss You
0%
No matching quizzes found
Score Distribution
Percent of People with Each Score
Percentile by Number Answered
Your Score History
You have not taken this quiz